MARC

LEADER 00000nam0a2200000 4500
001 208391
005 20231101225448.0
010 |a 0316856150 
035 |a (RuTPU)RU\TPU\book\227527 
090 |a 208391 
100 |a 20120202d2002 km y0engy50 ba 
101 0 |a eng 
102 |a GB 
105 |a y z 001zy 
200 1 |a Y The Descent of Men  |f S. Jones 
210 |a London  |c Little, Brown  |d 2002 
215 |a 280 p. 
320 |a Bibliography: p. 263-272. 
320 |a Index: p. 273-279. 
606 1 |a Генетика  |2 stltpush  |3 (RuTPU)RU\TPU\subj\5872  |9 33860 
610 1 |a биология 
610 1 |a физиология 
610 1 |a пол 
610 1 |a мужчины 
610 1 |a генетика человека 
610 1 |a генетическая типизация 
610 1 |a генетическая эволюция 
610 1 |a генетические исследования 
610 1 |a генетические отличия 
610 1 |a генетические признаки 
610 1 |a английский язык 
675 |a 575  |v 3 
700 1 |a Jones  |b S.  |g Steve 
801 1 |a RU  |b 63413507  |c 20120202 
801 2 |a RU  |b 63413507  |c 20120209  |g RCR 
942 |c BK